000 00903nam a2200241Ia 4500
008 130821s1999 sp gr spa
020 _a8420638404
040 _aCo-BoUCM
_bspa
041 0 0 _aspa
100 1 _aKafka, Franz
_d1883-1924.
_9692
245 1 3 _aLa muralla china cuentos, relatos y otros escritos
_cFranz Kafka; traducción de Alfredo Pippig, Alejandro Ruiz Guiñazú y Carmen Gauger
260 _aMadrid (España)
_bAlianza Editorial
_c1999
300 _a297 páginas
490 _aBilioteca de Autor
_v0563.
650 0 4 _aCuentos checoslovacos
_912258
650 0 4 _aLiteratura checoslovaca
_918624
650 0 4 _aLiteratura europea
_926524
700 1 _aGauger, Carmen.
_etrad.
_9161649
700 1 _aPippig, Alfredo.
_etrad.
_9161666
700 1 _aRuiz Guiñazu, Alejandro.
_etrad.
_9161667
942 _cLIBRO
_a18
_e1
_mK118m
_2DEWEY
_h891.865
_n0
999 _c44806
_d44806